Tilastot visalle Sanat: "Teit meistä kauniin" - Apulanta

Klikkaa tästä pelataksesi tätä visaa!

Yleistilastot

  • Tätä visaa on pelattu 38 kertaa
  • Keskiarvotulos 121 / 168

Vastaustilastot

% Oikein
kauniin,
100%
kauniin.
100%
me
100%
meistä
100%
teit
100%
Teit
100%
kuin
97%
kauniimpaa
93%
muut.
93%
parempaa.
93%
unelmaa,
93%
sen
77%
ja
70%
sinä
67%
Sinä
67%
vaan.
57%
älä
53%
jää,
53%
Jää,
53%
53%
niin
50%
niin.
50%
Niin
50%
Niin,
50%
on
50%
teet.
47%
teet
47%
Teet
47%
miksi
40%
Mut
40%
se
40%
Taas
40%
maksaa.
37%
miten
37%
nauraa?
37%
saa
37%
haavaa,
33%
mun
33%
punaiseen
33%
suolaat
33%
uudelleen
33%
hautaa,
30%
luuriin.
30%
mitä
30%
rakastuu
30%
Tein
30%
Uniin,
30%
velkaa
30%
halpaa
27%
tuhkaa,
27%
haluttiin
20%
hukkaan.
20%
juhlaa,
20%
Juniin,
20%
kyytiin.
20%
luisuu
20%
nousta
20%
tuhansiin
20%
eilisen
17%
herättiin.
17%
ikuisen.
17%
varkain
17%
kultaa
13%
rumiin
13%
Hiljaa,
10%
hiljaa
10%
nimen
10%
Viet
10%
viet
10%
huusin
7%

Tulosjakauma

Persentiili vastausten määrän mukaan

Jokaisen tuloksen saaneiden osuus

Tuloshistoriasi

Et ole pelannut tätä visaa